Medzi médiami a verejnosťou
Problém merania či monitorovania informácií, ktoré sa dostávajú na verejnosť prostredníctvom masmédií. Práca s verejnou mienkou. Vytváranie dobrých vzťahov k verejnosti. Spracovanie informácií. Spojenie informačných databáz. Príprava kvalitných a štruktúrovaných podkladov pre zhodnotenie reálneho st...
Saved in:
| Main Author: | |
|---|---|
| Format: | Book Chapter |
| Language: | Slovak |
| Subjects: | |
| Tags: |
No Tags, Be the first to tag this record!
|
MARC
| LEADER | 00000naa a2200000 4500 | ||
|---|---|---|---|
| 001 | r037310 | ||
| 005 | 20230929100227.6 | ||
| 041 | 0 | |a slo | |
| 044 | |a SK | ||
| 245 | 1 | 0 | |a Medzi médiami a verejnosťou |c Miroslav Švec |
| 520 | |a Problém merania či monitorovania informácií, ktoré sa dostávajú na verejnosť prostredníctvom masmédií. Práca s verejnou mienkou. Vytváranie dobrých vzťahov k verejnosti. Spracovanie informácií. Spojenie informačných databáz. Príprava kvalitných a štruktúrovaných podkladov pre zhodnotenie reálneho stavu pomocou jednoduchých spracovateľských softvérov. | ||
| 610 | 2 | 0 | |a práca s verejnosťou |
| 610 | 2 | 0 | |a mienka verejná |
| 610 | 2 | 0 | |a prostriedky masovokomunikačné |
| 610 | 2 | 0 | |a médiá |
| 610 | 2 | 0 | |a informácie |
| 610 | 2 | 0 | |a báza dát |
| 610 | 2 | 0 | |a spracovanie dát |
| 100 | 1 | |a Švec, Miroslav | |